| 000 | 01236nab a22002417a 4500 | ||
|---|---|---|---|
| 999 |
_c6255 _d6255 |
||
| 003 | OSt | ||
| 005 | 20260128020735.0 | ||
| 008 | 190514b xxu||||| |||| 00| 0 spa d | ||
| 040 | _cPJ | ||
| 100 |
_96966 _aSimone Bergamaschi, María Roberta |
||
| 245 | 1 | 3 |
_aEl Código Civil y Comercial y su interacción con la ley 26.485 : _bviolencia económica y alimentos a favor de la cónyuge/conviviente / _cMaría Roberta Simone Bergamaschi. |
| 300 | _ap. 53-62 | ||
| 500 | _aCita: TR LALEY AR/DOC/2513/2025. | ||
| 505 | _aSumario: I. Introducción.— II. El deber alimentario derivado del matrimonio en el Cód. Civ. y Com.— III. La cuestión de los alimentos en el marco de las uniones convivenciales.— IV. Violencia económica y perspectiva de género: interacciones con la ley 26.485.— V. Conclusión. | ||
| 505 | _tSi te interesa el texto, comunicate a koha@justierradelfuego.gov.ar | ||
| 650 | 0 |
_9967 _aDERECHO DE FAMILIA |
|
| 650 | 0 |
_91497 _aCODIGO CIVIL Y COMERCIAL |
|
| 650 | 0 |
_95360 _aVIOLENCIA ECONÓMICA |
|
| 650 | 0 |
_9968 _aALIMENTOS |
|
| 650 | 0 |
_94044 _aPERSPECTIVA DE GÉNERO |
|
| 773 | 0 |
_02844 _93222 _dBuenos Aires : AbeledoPerrot, 1989- _tDerecho de familia. N° 122 - Noviembre 2025 _z18511201 |
|
| 942 |
_2udc _cANA |
||